=LDR 00000nam 2200000 4500 =001 INLIS000000000003511 =005 20220202020759 =035 ##$$a 0010-0222000122 =245 1#$$a Laporan Kuliah Kerja Praktek pada PT. Semen Bosowa Kabupaten Maros : $b Kuliah Kerja Praktek /$c Muh Zul Haswin =100 1#$$a HASWIN, Muh Zul =250 ##$$a 2016 =300 ##$$a x, 44 halaman : $b Gambar ; $c 20,5x28 cm =856 ##$$a OPAC (Rak KKP T&MI 2016) =260 ##$$a Makassar :$b Politeknik ATI Makassar - Teknik dan Manajemen Industri,$c 2016 =082 ##$$a (R)2016 LKKP-T&MI 818 =084 ##$$a (R)2016 LKKP-T&MI 818 HAS l =650 #4$$a Laporan Praktek T&MI 2016 =500 ##$$a Laporan Praktek T&MI 2016 =990 ##$$a 104/LKKP REG T&MI 2016